<?xml version="1.0" encoding="UTF-8"?>
<record
    xmlns:xsi="http://www.w3.org/2001/XMLSchema-instance"
    xsi:schemaLocation="http://www.loc.gov/MARC21/slim http://www.loc.gov/standards/marcxml/schema/MARC21slim.xsd"
    xmlns="http://www.loc.gov/MARC21/slim">

  <leader>01484nam a22002777a 4500</leader>
  <controlfield tag="005">20170124103146.0</controlfield>
  <datafield tag="010" ind1=" " ind2=" ">
    <subfield code="a">A-815872</subfield>
  </datafield>
  <datafield tag="020" ind1=" " ind2=" ">
    <subfield code="c">00.00</subfield>
    <subfield code="a">8185070415</subfield>
  </datafield>
  <datafield tag="035" ind1=" " ind2=" ">
    <subfield code="a">A-815872</subfield>
  </datafield>
  <datafield tag="037" ind1=" " ind2=" ">
    <subfield code="b">Cen Lib/Ret</subfield>
  </datafield>
  <datafield tag="040" ind1=" " ind2=" ">
    <subfield code="a">DPL</subfield>
    <subfield code="b">HN</subfield>
  </datafield>
  <datafield tag="082" ind1=" " ind2=" ">
    <subfield code="a">025.4</subfield>
    <subfield code="b">&#x917;&#x94C;&#x924;&#x92E; </subfield>
  </datafield>
  <datafield tag="100" ind1=" " ind2=" ">
    <subfield code="a">&#x917;&#x94C;&#x924;&#x92E;, &#x91C;&#x947;.&#x90F;&#x928;. </subfield>
    <subfield code="9">73</subfield>
  </datafield>
  <datafield tag="245" ind1=" " ind2=" ">
    <subfield code="a">&#x921;&#x94D;&#x92F;&#x942;&#x935;&#x940; &#x926;&#x936;&#x92E;&#x932;&#x935; &#x935;&#x930;&#x94D;&#x917;&#x940;&#x915;&#x930;&#x923;, &#x915;&#x94D;&#x930;&#x93F;&#x92F;&#x93E;&#x924;&#x94D;&#x92E;&#x915; &#x935;&#x93F;&#x936;&#x94D;&#x932;&#x947;&#x937;&#x923; : </subfield>
    <subfield code="c">&#x91C;&#x947;.&#x90F;&#x928;. &#x917;&#x94C;&#x924;&#x92E; [&#x914;&#x930;] &#x928;&#x93F;&#x930;&#x902;&#x91C;&#x928; &#x938;&#x93F;&#x902;&#x939; </subfield>
    <subfield code="b">&#x938;&#x902;&#x938;&#x94D;&#x915;&#x930;&#x923; 19 &#x90F;&#x935;&#x902; 20 /</subfield>
  </datafield>
  <datafield tag="246" ind1=" " ind2=" ">
    <subfield code="a">Dewey Decimal Classification, kriyatmak vishleshan : sanskaran 19 evam 20 /</subfield>
    <subfield code="b">by J.N. Gautam [aur] Niranjan Singh </subfield>
  </datafield>
  <datafield tag="260" ind1=" " ind2=" ">
    <subfield code="a">&#x906;&#x917;&#x930;&#x93E; </subfield>
    <subfield code="b">&#x935;&#x93E;&#x908;.&#x915;&#x947;. &#x92A;&#x92C;&#x94D;&#x932;&#x93F;&#x936;&#x930;&#x94D;&#x938;  </subfield>
    <subfield code="c">1996</subfield>
  </datafield>
  <datafield tag="270" ind1=" " ind2=" ">
    <subfield code="a">&#x92C;&#x94D;&#x932;&#x93E;&#x915;-77, &#x938;&#x902;&#x91C;&#x92F; &#x92A;&#x94D;&#x932;&#x947;&#x938; </subfield>
    <subfield code="b">&#x906;&#x917;&#x930;&#x93E; </subfield>
    <subfield code="e">282002</subfield>
  </datafield>
  <datafield tag="300" ind1=" " ind2=" ">
    <subfield code="a">186&#x92A;&#x943;. </subfield>
    <subfield code="c">21&#x938;&#x947;&#x92E;&#x940; (&#x938;&#x91C;&#x93F;&#x932;&#x94D;&#x926;)</subfield>
  </datafield>
  <datafield tag="500" ind1=" " ind2=" ">
    <subfield code="a">&#x938;&#x928;&#x94D;&#x926;&#x930;&#x94D;&#x92D; &#x938;&#x942;&#x91A;&#x940; &#x936;&#x93E;&#x92E;&#x93F;&#x932; </subfield>
  </datafield>
  <datafield tag="650" ind1=" " ind2=" ">
    <subfield code="a">&#x92A;&#x941;&#x938;&#x94D;&#x924;&#x915;&#x93E;&#x932;&#x92F; &#x935;&#x93F;&#x91C;&#x94D;&#x91E;&#x93E;&#x928;--&#x935;&#x930;&#x94D;&#x917;&#x940;&#x915;&#x930;&#x923; &#x92A;&#x94D;&#x930;&#x923;&#x93E;&#x932;&#x940;--DDC-19,20 ed.</subfield>
    <subfield code="9">86123</subfield>
  </datafield>
  <datafield tag="650" ind1=" " ind2=" ">
    <subfield code="a">&#x935;&#x930;&#x94D;&#x917;&#x940;&#x915;&#x930;&#x923; &#x92A;&#x94D;&#x930;&#x923;&#x93E;&#x932;&#x940;--&#x935;&#x93F;&#x936;&#x94D;&#x932;&#x947;&#x937;&#x923; </subfield>
    <subfield code="9">8649</subfield>
  </datafield>
  <datafield tag="650" ind1=" " ind2=" ">
    <subfield code="a">Library science--Classification schemes--DDC-19,20 ed.</subfield>
    <subfield code="9">86124</subfield>
  </datafield>
  <datafield tag="650" ind1=" " ind2=" ">
    <subfield code="a">Classification Systems - Analysis</subfield>
    <subfield code="9">86125</subfield>
  </datafield>
  <datafield tag="700" ind1=" " ind2=" ">
    <subfield code="a">&#x928;&#x93F;&#x930;&#x902;&#x91C;&#x928; &#x938;&#x93F;&#x902;&#x939; </subfield>
    <subfield code="9">86126</subfield>
  </datafield>
  <datafield tag="942" ind1=" " ind2=" ">
    <subfield code="2">ddc</subfield>
    <subfield code="c">HN</subfield>
    <subfield code="h">025.4</subfield>
    <subfield code="m">&#x917;&#x94C;&#x924;&#x92E; </subfield>
  </datafield>
  <datafield tag="999" ind1=" " ind2=" ">
    <subfield code="c">119664</subfield>
    <subfield code="d">119664</subfield>
  </datafield>
  <datafield tag="952" ind1=" " ind2=" ">
    <subfield code="0">0</subfield>
    <subfield code="1">0</subfield>
    <subfield code="4">0</subfield>
    <subfield code="7">0</subfield>
    <subfield code="a">L</subfield>
    <subfield code="b">L</subfield>
    <subfield code="d">2015-09-18</subfield>
    <subfield code="e">Cen Lib/Ret</subfield>
    <subfield code="g">0.00</subfield>
    <subfield code="l">0</subfield>
    <subfield code="o">025.4 &#x917;&#x94C;&#x924;&#x92E;</subfield>
    <subfield code="p">A-815872</subfield>
    <subfield code="r">2015-09-18 00:00:00</subfield>
    <subfield code="t">1</subfield>
    <subfield code="v">0.00</subfield>
    <subfield code="w">2015-09-18</subfield>
    <subfield code="y">HN</subfield>
  </datafield>
</record>
